| 000 | 00731nam a2200277Ia 4500 | ||
|---|---|---|---|
| 008 | 171025s9999 xx 000 0 und d | ||
| 020 | _a9780747593959 | ||
| 050 | _a363.7 | ||
| 050 | _bW177 2008 | ||
| 100 | _aWalker, Gabrielle | ||
| 245 | 4 | _aThe hot topic : | |
| 245 | _bhow to tackle global warming and still keep the lights on / | ||
| 245 | _cGabrielle Walker and David King. | ||
| 260 | _aGreat Britain : | ||
| 260 | _bBloomsbury, | ||
| 260 | _c2008 | ||
| 300 | _a309 pages : | ||
| 300 | _billustrations ; | ||
| 300 | _c21cm. | ||
| 500 | _aIncludes index. | ||
| 650 | _aGlobal warming. | ||
| 650 | _aPolution prevention. | ||
| 650 | _aSustainable living. | ||
| 700 | _aKing, David. | ||
| 700 | _aTitle. | ||
| 999 |
_c344458 _d344458 |
||